000 00488nam a2200169Ia 4500
999 _c37311
_d37311
003 OSt
005 20200930151519.0
008 190216s9999||||xx |||||||||||||| ||und||
040 _coclc
082 _a636.00954
_bSIN/D
100 _aSingh, Harbans
_95244
245 0 _aDomestic Animals /
_cHarbans Singh
260 _bNational Book Trust India,
_c1966.
_aNew Delhi:
300 _a155p
650 _aZoology
942 _cBK
_2ddc
_h636.00954
_iSIN/D
_k636.00954
_mSIN/D